Statistics for Most Learned Languages

Click here to take the quiz!

General Stats

  • This quiz has been taken 52 times
  • The average score is 13 of 19

Answer Stats

L2 SpeakersNative SpeakersLanguage% Correct
1.08b373mEnglish
100%
199m929mMandarin
98%
59m76mGerman
96%
104m154mRussian
96%
73m475mSpanish
96%
274m*0*Arabic (Standard)
93%
194m80mFrench
93%
25m232mPortuguese
91%
258m344mHindi
87%
21m56mPersian
67%
40m20mThai
67%
161m70mUrdu
62%
39m234mBengali
60%
55m16mSwahili
56%
54m28mTagalog
56%
155m**44m**Indonesian
53%
25m32mAmharic
33%
26m51mHausa
20%
20m20mLingala
4%

Score Distribution

Percentile by Number Answered

Percent of People with Each Score

Your Score History

You have not taken this quiz